Selbstbestimmung für Mädchen: Theorie und Praxis feministischer Pädagogik
Das Prinzip Selbstbestimmung und der Ansatz, "Mädchen so zu nehmen, wie sie sind", stellen grundlegende Anliegen feministischer Mädchenpädagogik dar. Welche besonderen Leistungen, aber auch welche Probleme aus diesem Selbstverständnis resultieren, erforscht Ulrike Graff anhand der konkrete...
| Main Author: | |
|---|---|
| Format: | Print Book |
| Language: | German |
| Subito Delivery Service: | Order now. |
| Check availability: | HBZ Gateway |
| WorldCat: | WorldCat |
| Interlibrary Loan: | Interlibrary Loan for the Fachinformationsdienste (Specialized Information Services in Germany) |
| Published: |
Königstein im Taunus
Helmer
2004
|
| In: | Year: 2004 |
| Series/Journal: | Facetten
|
| Standardized Subjects / Keyword chains: | B
Mädchentreff (Bielefeld)
|
| Further subjects: | B
Thesis
|
| Online Access: |
Table of Contents Rezension (Publisher) |
MARC
| LEADER | 00000cam a2200000 c 4500 | ||
|---|---|---|---|
| 001 | 376340525 | ||
| 003 | DE-627 | ||
| 005 | 20251223202940.0 | ||
| 007 | tu | ||
| 008 | 040106s2004 gw ||||| m 00| ||ger c | ||
| 015 | |a 04,N03,0457 |2 dnb | ||
| 016 | 7 | |a 969633483 |2 DE-101 | |
| 020 | |a 3897411504 |c Pb. : EUR 24.90 |9 3-89741-150-4 | ||
| 024 | 3 | |a 9783897411500 | |
| 035 | |a (DE-627)376340525 | ||
| 035 | |a (DE-576)111546494 | ||
| 035 | |a (DE-599)DNB969633483 | ||
| 035 | |a (OCoLC)249226901 | ||
| 035 | |a (OCoLC)55514236 | ||
| 040 | |a DE-627 |b ger |c DE-627 |e rakwb | ||
| 041 | |a ger | ||
| 044 | |c XA-DE | ||
| 082 | 0 | |a 300 | |
| 082 | 0 | 4 | |a 370 |
| 082 | 0 | 4 | |a 300 |
| 084 | |a 1 |2 ssgn | ||
| 084 | |a DH 1000 |2 rvk |0 (DE-625)rvk/19572:761 | ||
| 084 | |a DS 7140 |2 rvk |0 (DE-625)rvk/19959: | ||
| 084 | |a 71.33 |2 bkl | ||
| 084 | |a 80.36 |2 bkl | ||
| 084 | |a 81.22 |2 bkl | ||
| 084 | |a 79.16 |2 bkl | ||
| 100 | 1 | |0 (DE-588)129023582 |0 (DE-627)387776761 |0 (DE-576)297453068 |4 aut |a Graff, Ulrike |d 1957- | |
| 109 | |a Graff, Ulrike 1957- | ||
| 191 | |a 1 | ||
| 245 | 1 | 0 | |a Selbstbestimmung für Mädchen |b Theorie und Praxis feministischer Pädagogik |c Ulrike Graff |
| 264 | 1 | |a Königstein im Taunus |b Helmer |c 2004 | |
| 300 | |a 234 S |c 21 cm | ||
| 336 | |a Text |b txt |2 rdacontent | ||
| 337 | |a ohne Hilfsmittel zu benutzen |b n |2 rdamedia | ||
| 338 | |a Band |b nc |2 rdacarrier | ||
| 490 | 0 | |a Facetten | |
| 500 | |a Literaturverz. S. 221 - 234 | ||
| 502 | |a Zugl.: Bielefeld, Univ., Diss. | ||
| 520 | |a Das Prinzip Selbstbestimmung und der Ansatz, "Mädchen so zu nehmen, wie sie sind", stellen grundlegende Anliegen feministischer Mädchenpädagogik dar. Welche besonderen Leistungen, aber auch welche Probleme aus diesem Selbstverständnis resultieren, erforscht Ulrike Graff anhand der konkreten Praxis eines geschlechterhomogenen Projektes: dem seit 16 Jahren bestehenden Mädchentreff Bielefeld. Im Zentrum der Analyse steht die Beziehung zwischen Pädagogin und Mädchen. Die pädagogischen Geschichten verraten bald die Schattenseite eines Aspektes von Parteilichkeit im Konzept feministischer Pädagogik: Den Pädagoginnen fällt es oft schwer, die Mädchen zu kritisieren. Es gilt also, sich stärker mit den notwendig konflikthaften Phasen und Anteilen in der Beziehung zwischen Mädchen und Pädagogin auseinanderzusetzen | ||
| 601 | |a Selbstbestimmung | ||
| 601 | |a Feminist | ||
| 601 | |a Pädagogik | ||
| 655 | 7 | |a Hochschulschrift |0 (DE-588)4113937-9 |0 (DE-627)105825778 |0 (DE-576)209480580 |2 gnd-content | |
| 689 | 0 | 0 | |d b |0 (DE-588)2098490-X |0 (DE-627)100720161 |0 (DE-576)19297100X |2 gnd |a Mädchentreff |g Bielefeld |
| 689 | 0 | |5 DE-101 | |
| 689 | 1 | 0 | |d b |0 (DE-588)2098490-X |0 (DE-627)100720161 |0 (DE-576)19297100X |2 gnd |a Mädchentreff |g Bielefeld |
| 689 | 1 | |5 (DE-627) | |
| 751 | |a Bielefeld |0 (DE-588)4006510-8 |0 (DE-627)106377272 |0 (DE-576)20886590X |4 uvp | ||
| 856 | 4 | 2 | |u http://www.socialnet.de/rezensionen/isbn.php?isbn=978-3-89741-150-0 |m V:DE-601 |m B:socialnet. |q text/html |v 201307-05 |x Verlag |y Rezension (socialnet.) |3 Rezension |7 1 |
| 856 | 4 | 2 | |u http://d-nb.info/969633483/04 |m V:DE-603 |q application/pdf |v 20130501 |x Verlag |3 Inhaltsverzeichnis |7 1 |
| 935 | |a mteo | ||
| 935 | |i Blocktest | ||
| 936 | r | v | |a DH 1000 |b Allgemeines und Deutschland |k Pädagogik |k Geschlechtsspezifische Aspekte der Bildung |k Allgemeines und Deutschland |0 (DE-627)1270707027 |0 (DE-625)rvk/19572:761 |0 (DE-576)200707027 |
| 936 | r | v | |a DS 7140 |b Prävention in der Jugendhilfe (Jugendarbeit, Jugendpflege, Freizeitbetreuung, -beratung) |k Pädagogik |k Sozialpädagogik, Sozialarbeit |k Berufsfelder |k Jugendhilfe |k Prävention in der Jugendhilfe (Jugendarbeit, Jugendpflege, Freizeitbetreuung, -beratung) |0 (DE-627)1270705717 |0 (DE-625)rvk/19959: |0 (DE-576)200705717 |
| 936 | b | k | |a 71.33 |j Frau |x Soziologie |0 (DE-627)106412671 |
| 936 | b | k | |a 80.36 |j Erziehung und Gesellschaft |0 (DE-627)106414364 |
| 936 | b | k | |a 81.22 |j Geschlechterunterschied im Bildungswesen |0 (DE-627)106416758 |
| 936 | b | k | |a 79.16 |j Jugendhilfe |x Sozialarbeit |0 (DE-627)106412930 |
| 951 | |a BO | ||
| ELC | |b 1 | ||
| ITA | |a 1 | ||
| LOK | |0 000 xxxxxcx a22 zn 4500 | ||
| LOK | |0 001 3160556174 | ||
| LOK | |0 003 DE-627 | ||
| LOK | |0 004 376340525 | ||
| LOK | |0 005 20100408105539 | ||
| LOK | |0 008 041117||||||||||||||||ger||||||| | ||
| LOK | |0 040 |a DE-21-31 |c DE-627 |d DE-21-31 | ||
| LOK | |0 541 |e 04/1194 | ||
| LOK | |0 852 |a DE-21-31 | ||
| LOK | |0 852 1 |c Sb IV 55 |m p |9 00 | ||
| LOK | |0 938 |k p | ||
| LOK | |0 938 |l E12 |8 0 | ||
| LOK | |0 939 |a 17-11-04 |b l01 | ||
| LOK | |0 000 xxxxxcx a22 zn 4500 | ||
| LOK | |0 001 3160556190 | ||
| LOK | |0 003 DE-627 | ||
| LOK | |0 004 376340525 | ||
| LOK | |0 005 20100407030728 | ||
| LOK | |0 008 050716||||||||||||||||ger||||||| | ||
| LOK | |0 040 |a DE-21-43 |c DE-627 |d DE-21-43 | ||
| LOK | |0 541 |e 2004/567 | ||
| LOK | |0 852 |a DE-21-43 | ||
| LOK | |0 852 1 |c Hvb 52 |m p |9 00 | ||
| LOK | |0 935 |a k043 | ||
| LOK | |0 938 |k p | ||
| LOK | |0 939 |a 16-07-05 |b l01 | ||
| ORI | |a SA-MARC-ixtheoa001.raw | ||
| REL | |a 1 | ||
| SUB | |a REL | ||



